Statistiques concernant Prénoms masculins en J

Cliquez ici pour prendre le quiz!

Statistiques générales

  • Ce quiz a été pris 1 104 fois
    (984 depuis la dernière actualisation)
  • Le résultat moyen est 8 sur 18

Statistiques - réponses

% Correct
JuJulien
96%
JuJules
89%
JeJean
82%
JaJacques
68%
JuJustin
68%
JeJérémie
66%
JeJérémy
66%
JeJérôme
56%
JoJoseph
56%
JoJonathan
52%
JoJoël
49%
JoJonas
21%
JuJuste
19%
JoJoachim
18%
JoJosselin
13%
JuJustinien
8%
JuJudicaël
5%
JoJousserand
1%

Distribution des résultats

Percentile par nombre de réponses

% des personnes avec chaque résultat

Votre développement - résultats

Vous n’avez pas pris ce quiz depuis la dernière actualisation